000 00533cam a2200205 a 4500
001 1388803
005 20171227043237.0
008 820830s1982 dcuaf 001 0 eng
010 _a 82016834
020 _a0895990105 :
_c$27.50
040 _aDLC
_cDLC
_dDLC
041 _aeng
080 _a575 LEW
082 0 0 _a575 LEW
_219
100 1 _a11
101 _aBIO
245 1 0 _aThread of life :
_cby Roger Lewin.
906 _a7
_bcbc
_corignew
_d1
_eocip
_f19
_gy-gencatlg
942 _2ddc
_cBK
999 _c39464
_d39464